International Economics (Record no. 2681)
[ view plain ]
| 000 -LEADER | |
|---|---|
| fixed length control field | 01214cam a22001934a 4500 |
| 005 - ΗΜΕΡΟΜΗΝΙΑ ΚΑΙ ΩΡΑ ΤΕΛΕΥΤΑΙΑΣ ΕΝΗΜΕΡΩΣΗΣ | |
| Πεδίο ελέγχου | 20250605164050.0 |
| 008 - FIXED-LENGTH DATA ELEMENTS--GENERAL INFORMATION | |
| Πεδίο ελέγχου σταθερού μήκους | 250528s ||||||||||||||||||||||||d |
| 035 ## - SYSTEM CONTROL NUMBER | |
| System control number | 17253 |
| 020 ## - ISBN | |
| ISBN | 71006826 |
| 040 ## - ΠΗΓΗ ΚΑΤΑΛΟΓΟΓΡΑΦΗΣΗΣ | |
| Φορέας πρωτότυπης καταλογογράφησης | MC Athens Campus Library |
| Γλώσσα καταλογογράφησης | Ελληνικά, Μοντέρνα (1453-) |
| Modifying agency | MC Athens Campus Library |
| Κανόνες περιγραφικής καταλογογράφησης | AACR2 |
| 245 1# - ΤΙΤΛΟΣ ΚΑΙ ΔΗΛΩΣΗ ΥΠΕΥΘΥΝΟΤΗΤΑΣ | |
| Τίτλος | International Economics |
| 260 ## - PUBLICATION, DISTRIBUTION, ETC. | |
| Name of publisher, distributor, etc. | Mcgraw Hill Book Company, |
| Date of publication, distribution, etc. | 1990 |
| 300 ## - PHYSICAL DESCRIPTION | |
| Extent | 598 |
| 520 ## - SUMMARY, ETC. | |
| Summary, etc. | Preface, Introduction, International Trade, The Law of Comparative Advantage, International Equilibrium with Increasing Costs, The Heckscher-Ohlin Model, Alternative Trade Theories and Empirical Testing, Growth and Trade, The Theory of Tariffs, Arguments for Protection, Instruments of Commercial Policy, Custom Unions, International Finance, The Foreign Exchange Market, The Balance of Payments, The Balance of Payments, The Balance-of-Payments Problems: A Basic Model, The Price-Adjustment Mechanism, The Income-Adjustment Mechanism, The World Debt Crisis, Fiscal and Monetary Policy for Internal and External Balance, Flexible Versus Fixed Exchange Rates, The Monetary Approach, The International Monetary System, Appendices, Name and Subject Index. |
| 700 1# - ΠΡΟΣΘΕΤΗ ΑΝΑΓΡΑΦΗ--ΦΥΣΙΚΟ ΠΡΟΣΩΠΟ | |
| Personal name | Chacholiades Miltiades |
| 9 (RLIN) | 1816 |
| 942 ## - ADDED ENTRY ELEMENTS (KOHA) | |
| Koha item type | Books |
| Τύπος τεκμηρίου | Βιβλιοθήκη | Τρέχουσα τοποθεσία | Barcode | Αριθμός εισαγωγής | Ημερομηνία απόκτησης | Ταξιθετικό σύμβολο | Αριθμός αντιτύπου | Κατάσταση απόσυρσης | Κατάσταση χαμένου | Κατάσταση κατεστραμμένου | Μη δανεισμός | Σύνολο δανεισμών | Ημερομηνία τελευταίας εμφάνισης | Η τιμή ισχύει από |
|---|---|---|---|---|---|---|---|---|---|---|---|---|---|---|
| Books | MC Athens Campus Library | MC Athens Campus Library | 9780000026804 | 918 | 05/06/2025 | 337 CHA | 2 | 05/06/2025 | 05/06/2025 |